000 00473nam a2200169Ia 4500
005 20250508160037.0
008 008 250505s9999 xx 000 0 eng d
037 _aBooks to be hide in OPAC
040 _aFEDL
_beng
_cFEDL
041 _aeng
_2eng
084 _a371.3350942, BRI
_qFEDL
245 0 _aEighth annual report
260 _aLondon, UK
_bGreat Russell Street
300 _a32p.
942 _cHB
_h371.3350942, BRI
999 _c1361362
_d1361362